Brighton & Hove Albion Squad 2024-2025 - Statistics

General Stats
  • This quiz has been taken 307 times
    104 since last reset
  • The average score is 24 of 33
Answer Stats
# Position Nation Player % Correct
22 FW Japan Kaoru Mitoma
99%
1 GK Netherlands Bart Verbruggen
96%
5 DF England Lewis Dunk
94%
30 DF Ecuador Pervis Estupiñán
93%
9 FW Brazil João Pedro
91%
3 DF Brazil Igor
88%
11 FW Ivory Coast Simon Adingra
88%
17 FW Gambia Yankuba Minteh
88%
29 DF Netherlands Jan Paul van Hecke
87%
10 MF Paraguay Julio Enciso
87%
2 DF Ghana Tariq Lamptey
87%
20 MF Cameroon Carlos Baleba
85%
6 MF England James Milner
84%
4 DF England Adam Webster
82%
24 DF Turkey Ferdi Kadıoğlu
82%
23 GK England Jason Steele
82%
7 FW England Solly March
82%
18 FW England Danny Welbeck
81%
28 FW Ireland Evan Ferguson
81%
14 FW France Georginio Rutter
78%
15 MF Poland Jakub Moder
75%
34 DF Netherlands Joël Veltman
75%
- Coach Germany Fabian Hürzeler
74%
8 MF Germany Brajan Gruda
72%
27 MF Netherlands Mats Wieffer
71%
26 MF Sweden Yasin Ayari
71%
41 MF England Jack Hinshelwood
66%
33 MF Denmark Matt O'Riley
65%
25 MF Paraguay Diego Gómez
50%
39 GK England Carl Rushworth
19%
16 DF Ireland Eiran Cashin
19%
43 DF Wales Ed Turns
10%
47 DF England Imari Samuels
10%
No matching quizzes found
Score Distribution
Percent of People with Each Score
Percentile by Number Answered
Your Score History
You have not taken this quiz since the last reset